Personagens de Ordem Paranormal de acordo com a foto - Statistics

Estatísticas Gerais
  • Esse quiz foi jogado 371 vezes
  • A pontuação média é 24 de 31
Estatísticas das Respostas
Imagem Resposta % Correto
Gal
91%
Amelie
90%
Liz
90%
Kaiser
89%
Kian
89%
Dante
88%
Balu
84%
Carina
84%
Erin
84%
Xande
84%
Arthur
82%
Olivier
82%
Milo
79%
Joui
77%
Guizo
76%
Chico
75%
Cris
75%
Thiago
75%
Artemis
74%
Damir
74%
Beatrice
73%
Dara
71%
Wanderley
71%
Barbara
70%
Boris
68%
Kenan
67%
Miguel
64%
Yuki
61%
Lirio
59%
Dominic
56%
Mariana
54%
Nenhum quiz correspondente encontrado
Distribuição das Pontuações
Porcentagem de Pessoas com Cada Pontuação
Percentil de Números Respondidos
Sua Pontuação Histórica
Você não jogou esse quiz